LEADER 01215nam a2200301 u 4500 001 000000074357 003 CaOOAMICUS 005 20070226122443.0 008 021204s2001 gw u000 u ger u 020 $a3161475194 035 $a10947402 040 $aPUL$bita 100 1 $aTheobald, Michael.$0(OLS)http://pul/name/49313 245 10$aStudien zum Römerbrief /$cMichael Theobald. 260 $aTübingen :$bMohr,$cc2001. 300 $aix, 593 p. ;$c21 cm 490 1 $aWissenschaftliche Untersuchungen zum Neuen Testament ;$v136 500 $aComprende indici. 504 $aBibliografia in nota. 630 04$aBiblia.$pN.T.$pAd Romanos$xCritica, interpretazione, ecc.$0(OLS)http://pul/subject/2541 830 0$aWissenschaftliche Untersuchungen zum Neuen Testament ;$v136.$0(OLS)http://pul/title/8628 850 $aPUL 852 $aPUL$W1$xSL Religione 1$y3$m16 H 136$j95917$nBK-PRI$b $qStampati$B95917$CPULBib$Z2$F95917 $H $81 941 1 $a8 961 $aINV: 89232 996 $6020$a3161475194$9(OLS)http://pul/number/96367 996 $6245$aStudien zum Römerbrief$9(OLS)http://pul/title/97646 996 $6260$aTübingen :$bMohr$9(OLS)http://pul/publisher/48065 LEADER 01334nam a2200289 a 4500 001 000000143660 003 CaOOAMICUS 005 20150528095025.0 008 150528s2002 vc u001 u ita r 040 $aPUL$bita 082 04$a344.45 245 00$aPer gli archivisti ecclesiastici d'Italia. Strumenti giuridici e culturali /$ca cura di Gaetano Zito. 260 $aCittà del Vaticano :$b[s.n.],$c2002. 300 $a251 p. ;$c24 cm 490 1 $aQuaderni di "Archiva ecclesiae" ;$v08 500 $aIn testa al front.: Associazione archivistica ecclesiastica. 650 4$aArchivi ecclesiastici.$0(OLS)http://pul/subject/30489 700 1 $aZito, Gaetano.$0(OLS)http://pul/name/15072 710 2 $aAssociazione archivistica ecclesiastica.$0(OLS)http://pul/name/92304 830 0$aQuaderni di "Archiva ecclesiae" ;$v08.$0(OLS)http://pul/title/181757 850 $aPUL 852 $aPUL$W1$xDP2 Diritto e Scienze Sociali 3$y110$m344. 45 ZITGA 1$j165747$qDDC 21$B166092$CPULBib$Z2$F166092 $H125944 $82 941 1 $a9 996 $6082$a344.45$9(OLS)http://pul/classification/416 996 $6245$aPer gli archivisti ecclesiastici d'Italia. Strumenti giuridici e culturali$9(OLS)http://pul/title/181756 996 $6260$aCittà del Vaticano :$b[s.n.]$9(OLS)http://pul/publisher/48089